Normal view
MARC view
- الالتزام -- قوانين وتشريعات -- مصر -- الالتزام -- قوانين وتشريعات -- مصر
Entry Topical Term
001 - CONTROL NUMBER
- control field: 31237
003 - CONTROL NUMBER IDENTIFIER
- control field: JO-AjAnu
005 - DATE AND TIME OF LATEST TRANSACTION
- control field: 20230606075249.0
008 - FIXED-LENGTH DATA ELEMENTS
- fixed length control field: 230606|| aca||aabn | a|a d
040 ## - CATALOGING SOURCE
- Original cataloging agency: JO-AjAnu
- Transcribing agency: JO-AjAnu
150 ## - HEADING--TOPICAL TERM
- Topical term or geographic name entry element: الالتزام -- قوانين وتشريعات -- مصر -- الالتزام -- قوانين وتشريعات -- مصر
670 ## - SOURCE DATA FOUND
- Source citation: Work cat.: (JO-AjAnu)16040: سلطان ، أنور , author 31236, أحكام الالتزام : الموجز في النظرية العامة للالتزام : دراسة مقارنة في القانونين المصري و اللبناني